000 01233nam a22003497a 4500
003 CHAP
005 20230531122922.0
008 971013s1982 mx r 00010 spa d
010 _a32161
011 _a33133
035 _a37248
040 _cCHAP
090 _aFolleto 8007
100 1 0 _aLópez Fuentes, María Cristina
_967878
245 1 _aBacteriosis del fruto de la sandía en el estado de Chiapas
260 _aChapingo, Méx. :
_bUACH. Departamento de Parasitología Agrícola,
_c1982
300 _a16 h.
590 _aBATCH-UPD
_b10
_c20130109
_lUCH01
_h2322
590 _aBATCH-UPD
_b10
_c20130110
_lUCH01
_h2116
590 _aBATCH-UPD
_b10
_c20130409
_lUCH01
_h1845
590 _aBATCH-UPD
_b10
_c20130410
_lUCH01
_h1427
590 _aBATCH-UPD
_b10
_c20130914
_lUCH01
_h1732
590 _aCONVERSION
_b10
_c20130109
_lUCH01
_h1318
650 1 4 _aSandía
_xChiapas.
_9102058
650 1 4 _aSandía
_xEnfermedades.
_9102063
901 _aBK
942 _cFOLL
949 _aFolleto 8007
_bBC
_cFOLL
_d-85349
_eTS2
_fc.2
_i37248
_si
949 _aFolleto 8007
_bBC
_cFOLL
_d-85350
_eTS2
_fc.3
_i37248
_mD
_si
949 _aFolleto 8007
_bBC
_cFOLL
_d-85351
_eTS2
_fc.4
_i37248
_mD
_si
949 _aFolleto 8007
_bBC
_cUACH
_d-85348
_eUACH
_i37248
_mD
_si
999 _c32161
_d32161